LEADER 00835nam0 2200277 450 001 000035512 005 20241024123528.0 010 $a9780470128831 100 $a20230419d2008----km-y0itay50------ba 101 0 $aeng 102 $aUS 105 $ay-------001yy 200 1 $aPrinciples of fraud examination$fJoseph T. Wells 205 $a2. ed. 210 $aHoboken (NJ)$cJohn Wiley and Sons$d2008 215 $aXVI, 444 p.$d26 cm 410 0$12001 500 10$aPrinciples of fraud examination$93575755 610 1 $aContabilità 676 $a657.458$v22$9Revisione contabile interna 700 1$aWells,$bJoseph T.$0866165 801 0$aIT$bUNIPARTHENOPE$c20230419$gREICAT$2UNIMARC 912 $a000035512 951 $aDIP I-0078$b647 SA$cNAVA2$d2023 996 $aPrinciples of fraud examination$93575755 997 $aUNIPARTHENOPE